Fluent Python (Record no. 217020)

MARC details
000 -LEADER
fixed length control field 00439nam a2200169Ia 4500
008 - FIXED-LENGTH DATA ELEMENTS--GENERAL INFORMATION
fixed length control field 230714s9999 xx 000 0 und d
020 ## - INTERNATIONAL STANDARD BOOK NUMBER
International Standard Book Number 9790000000000
041 ## - LANGUAGE CODE
Language code of text/sound track or separate title eng
082 ## - DEWEY DECIMAL CLASSIFICATION NUMBER
Classification number 005.13'3
Item number RAM
100 ## - MAIN ENTRY--PERSONAL NAME
Personal name Ramalho L.
9 (RLIN) 198524
245 ## - TITLE STATEMENT
Title Fluent Python
260 ## - PUBLICATION, DISTRIBUTION, ETC. (IMPRINT)
Date of publication, distribution, etc. 2015
Name of publisher, distributor, etc. SPD/O'Reilly
300 ## - PHYSICAL DESCRIPTION
Extent 739
365 ## - TRADE PRICE
Currency code Rs.
Price amount 1275.00
700 ## - ADDED ENTRY--PERSONAL NAME
Personal name Ramalho L.
9 (RLIN) 198524
906 ## - LOCAL DATA ELEMENT F, LDF (RLIN)
d O:0490128-Jan-2016B:81319-Oct-2015
c COMP
b 3187.5

No items available.